| 000 | 06725cam a22018614i 4500 | ||
|---|---|---|---|
| 003 | PE-LiUPU | ||
| 005 | 20250813165543.0 | ||
| 008 | 190805s2018 sp a rb 000 0 spa d | ||
| 020 | _a8491133399 | ||
| 020 | _a9788491133391 | ||
| 035 | _a(Sirsi) a252380 | ||
| 040 |
_aPE-LiUPU _bspa _cPE-LiUPU _erda |
||
| 041 | 1 |
_aspa _heng |
|
| 049 | _aPRUA | ||
| 082 | 0 | 4 |
_a610.7301 _bA43 _220 |
| 100 | 1 |
_aAlligood, Martha Raile, _eautor. |
|
| 245 | 1 | 0 |
_aModelos y teorías en enfermería / _cMartha Raile Alligood ; [revisión científica Míriam Rodríguez Monforte]. |
| 250 | _a9ª ed. | ||
| 264 | 1 |
_aBarcelona : _bElsevier, _c2018. |
|
| 300 |
_axiv, 601 páginas : _bilustraciones ; _c24 centímetros |
||
| 336 |
_atext _2rdacontent |
||
| 337 |
_aunmediated _2rdamedia |
||
| 338 |
_avolume _2rdacarrier |
||
| 504 | _aBibliografía al final de cada capítulo. | ||
| 504 | _aÍndice: páginas 579-601. | ||
| 505 | 0 | _aEvolución de las teorías en enfermería -- Introducción a las teorías en enfermería. historia e importancia -- Teóricas de la enfermería de importancia histórica -- Historia de la ciencia enfermera -- Proceso de desarrollo de teorías -- Estructura y análisis del conocimiento especializado en enfermería -- Filosofías enfermeras -- Florence Nightingale: enfermería moderna -- Jean Watson: filosofía y teoría del cuidado transpersonal de Watson -- Marilyn Anne Ray: teoría de la atención burocrática -- Patricia Benner: cuidado, sabiduría clínica y ética en la práctica de la efermería -- Kari Martinsen: filosofía de la asistencia -- Katie Eriksson: teoría del cuidado caritativo -- Modelos conceptuales en enfermería -- Myra Estrin Levine: modelo de la conservación -- Matha E. Rogers: seres humanos unitarios -- Dorothe E. Orem: teoría del déficit de autocuidado en enfermería -- Imogene M.King: sistema conceptual y teoría de nivel medio del logro de objetivos -- Betty Neuman: modelo de sistemas -- Sor Callista Roy: modelo de adaptación -- Dorothy E. Johnson: modelo del sistema conductual -- Teorías y grandes teorías -- Anne Boykin y Savina O. Schoenhofer: teoría de la enfermería como cuidado: un modelo para transformar la práctica -- Afaf Irahim Meleis: teoría de las transiciones -- Nola J. Pender: modelo de promoción de la salud -- Medeleine M. Leininger: teoría de la diversidad de los cuidados culturales -- Margaret A. Newman: salud como expansión de la conciencia -- Rosemerie Rizzo Parse: desarrollo humano -- Helen C. Erickson, Evelyn M. Tomlin y Mary Ann P. Swain: modelos y modelado de roles -- Gladys L. Husted y James H. Husted: teoría bioética sinfonológica -- Teorías de nivel medio -- Romona T. Mercer: adopción del rol materno: convertirse en madre -- Merle H. Mishel: teoría de la incertidumbre frente a la enfermedad -- Pamela G. Reed: teoría de la transcendencia del yo -- Crolyn L. Wiener y Marylin J. Dodd: Teoría de la trayectoria de la enfermedad -- Georgene Gaskill Eakes, Mary Lermann Burke y Margaret A. Hinsworth: teoría del duelo disfuncional -- Phil Barker: modelo de la marea en la recuperación de la salud mental -- Katharine Kolcaba: teoría del confort -- Cheyl Tatano Beck: teoría de la depresión posparto -- Kristen M. Swanson: teoría de los cuidados -- Cornelia M. Ruland y shirley M. Moore: teoría del final tranquilo de la vida -- El futuro de las teorías en enfermería -- Estado del arte y la ciencia de la teoría en enfermería. | |
| 526 | _aP203 | ||
| 526 | _aP200 | ||
| 526 | _aSEG65 | ||
| 526 | _aSEG64 | ||
| 526 | _aSEG63 | ||
| 526 | _aSEG62 | ||
| 526 | _aSEG61 | ||
| 526 | _aSEG60 | ||
| 526 | _aSEG59 | ||
| 526 | _aSEG58 | ||
| 526 | _aSEG57 | ||
| 526 | _aSEG56 | ||
| 526 | _aSEG55 | ||
| 526 | _aSEG54 | ||
| 526 | _aSEG53 | ||
| 526 | _aSEG52 | ||
| 526 | _aSEG51 | ||
| 526 | _aSEG50 | ||
| 526 | _aSEG49 | ||
| 526 | _aSEG48 | ||
| 526 | _aSEG47 | ||
| 526 | _aSEG46 | ||
| 526 | _aSEG24 | ||
| 526 | _aSEG23 | ||
| 526 | _aSEG22 | ||
| 526 | _aSEG21 | ||
| 526 | _aSEG20 | ||
| 526 | _aSEG19 | ||
| 526 | _aSEG18 | ||
| 526 | _aSEG17 | ||
| 526 | _aSEG16 | ||
| 526 | _aSEG14 | ||
| 526 | _aSEG13 | ||
| 526 | _aSEG12 | ||
| 526 | _aSEG11 | ||
| 526 | _aSEG10 | ||
| 526 | _aSEG09 | ||
| 526 | _aSEG06 | ||
| 526 | _aSEG05 | ||
| 526 | _aSEG04 | ||
| 526 | _aSEG03 | ||
| 526 | _aSEG02 | ||
| 526 | _aSEG68 | ||
| 526 | _aSEG66 | ||
| 526 | _aSEG45 | ||
| 526 | _aSEG25 | ||
| 526 | _aSEG01 | ||
| 526 | _aP163 | ||
| 526 | _aP162 | ||
| 526 | _aP161 | ||
| 526 | _aP160 | ||
| 526 | _aP159 | ||
| 526 | _aP158 | ||
| 526 | _aP157 | ||
| 526 | _aP156 | ||
| 526 | _aP155 | ||
| 526 | _aP154 | ||
| 526 | _aP153 | ||
| 526 | _aP152 | ||
| 526 | _aP151 | ||
| 526 | _aP150 | ||
| 526 | _aP149 | ||
| 526 | _aP142 | ||
| 526 | _aP141 | ||
| 526 | _aP140 | ||
| 526 | _aP139 | ||
| 526 | _aP138 | ||
| 526 | _aP137 | ||
| 526 | _aP132 | ||
| 526 | _aP131 | ||
| 526 | _aP130 | ||
| 526 | _aP126 | ||
| 526 | _aP125 | ||
| 526 | _aP124 | ||
| 526 | _aP123 | ||
| 526 | _aP115 | ||
| 526 | _aP122 | ||
| 526 | _aP121 | ||
| 526 | _aP116 | ||
| 526 | _a P114 | ||
| 526 | _aP112 | ||
| 526 | _aP111 | ||
| 526 | _aP104 | ||
| 526 | _aP103 | ||
| 526 | _aP102 | ||
| 526 | _aP101 | ||
| 526 | _aP100 | ||
| 526 | _aP96 | ||
| 526 | _aP95 | ||
| 526 | _aP93 | ||
| 526 | _aP92 | ||
| 526 | _aP91 | ||
| 526 | _aP88 | ||
| 526 | _aP83 | ||
| 526 | _aP82 | ||
| 526 | _aP79 | ||
| 526 | _aP78 | ||
| 526 | _aP75 | ||
| 526 | _aP74 | ||
| 526 | _aP71 | ||
| 526 | _aP69 | ||
| 526 | _a P51 | ||
| 526 | _aP49 | ||
| 526 | _aP48 | ||
| 526 | _aP47 | ||
| 526 | _aP33 | ||
| 526 | _aP31 | ||
| 526 | _a P30 | ||
| 526 | _aP29 | ||
| 526 | _aP27 | ||
| 526 | _aP26 | ||
| 526 | _aP25 | ||
| 526 | _aP24 | ||
| 526 | _a P22 | ||
| 526 | _aP10 | ||
| 526 | _aP09 | ||
| 526 | _a P08 | ||
| 526 | _aP06 | ||
| 526 | _aP05 | ||
| 526 | _aP04 | ||
| 526 | _aP01 | ||
| 534 |
_pTítulo Original : _tNursing theorists and their work, 9th ed., cop. 2018. |
||
| 541 | _gE001-7; | ||
| 650 | 0 | 4 |
_aEnfermería _xEscuelas y teorías. |
| 650 | 0 | 4 | _aFilosofía de la Enfermería. |
| 700 | 1 |
_aRodríguez Monforte, Míriam, _erevisora científica. |
|
| 910 |
_abgr _bjpc _cjpc _d20190805 |
||
| 942 |
_2ddc _cBOOK |
||
| 994 |
_aC0 _bPEPRU |
||
| 596 | _a1 | ||
| 999 |
_a610.7301 A43 2018 _wDEWEY _c31603 _i80426 _d31603 _f2021-11-3 _g3 _lCCODEBUL1 _mBUL _p64.00 _q1 _r0 _sY _tBOOK _u2019-8-5 _xSALUD _zESPECIALI _0COMPRA _1FCOMPR3 _o.STAFF. Colección Ciencias de la Salud |
||
| 980 |
_81 _gALBERTO SANCHEZ Responsable de Automatización |
||